LIBRARY & INFORMATION CENTRE, KCAET, TAVANUR

ONLINE PUBLIC ACCESS CATALOGUE (OPAC)

Text book of chemistry / (Record no. 10956)

MARC details
000 -LEADER
fixed length control field 00487cam a2200205ua 4500
041 ## - LANGUAGE CODE
Language code of text/sound track or separate title eng
082 ## - DEWEY DECIMAL CLASSIFICATION NUMBER
Classification number 540
Item number SMI/TE
100 ## - MAIN ENTRY--AUTHOR NAME
Personal name Smirnov, A D .
245 ## - TITLE STATEMENT
Title Text book of chemistry /
250 ## - EDITION STATEMENT
Edition statement 1 /
260 ## - PUBLICATION, DISTRIBUTION, ETC. (IMPRINT)
Place of publication Delhi :
Name of publisher Rajkamal Prakashan ,
Year of publication 1963.
300 ## - PHYSICAL DESCRIPTION
Number of Pages 452 ; .
700 1# - ADDED ENTRY--PERSONAL NAME
Personal name Shelinsky, G I .
942 ## - ADDED ENTRY ELEMENTS (KOHA)
Koha item type Books
Holdings
Withdrawn status Lost status Damaged status Home library Current library Date acquired Full call number Accession Number Koha item type
Withdrawn     KAUAET Sanskrit University 07/04/2012 540 SMI/TE 3670 Books
Withdrawn     KAUAET Sanskrit University 07/04/2012 540 SMI/TE 1833 Books
free website counter